000 00534nam a2200193Ia 4500
005 20250508151856.0
008 008 250505s9999 xx 000 0 eng d
037 _aTextual
040 _aFEDL
_beng
_cFEDL
041 _aeng
_2eng
084 _a301.155, WEL
_qFEDL
100 _aWells Kenneth A.
_9760242
245 0 _aGuide to good leadership
260 _aChicago, USA
_bScience Research Associates
_c1956
300 _a48p
650 _aSociology
942 _cTEXL
_h301.155, WEL
999 _c1332641
_d1332641